000 00661nam a22001937a 4500
003 0
005 20250109095048.0
008 250109b xxu||||| |||| 00| 0 eng d
050 _aBF 575
_b.B45 2024
100 _aBelen, Joshua G.
245 _aAggression and flow experience among first-person shooter players
_cJoshua G. Belen
260 _aLas PiƱas City
_bSouthville International School and Colleges
_c2024
300 _aix, 141 pages ;
_c28cm.
504 _aIncludes bibliographical references and index.
650 _aAggression (Psychology).
650 _aFlow (Psychology).
650 _aVideo games -- Psychological aspects.
942 _2lcc
_cTH
999 _c366946
_d366946